| 000 | 00502nam a22001817a 4500 | ||
|---|---|---|---|
| 003 | CEME | ||
| 005 | 20210628210035.0 | ||
| 008 | 210210b xxu||||| |||| 00| 0 eng d | ||
| 020 | _a81-87336-35-8 | ||
| 040 | _c. | ||
| 082 | _a004.6703 ADV | ||
| 100 |
_aNayak, A. K Sigler, Evan _977956 |
||
| 245 | _aAdvanced dictionary of internet | ||
| 260 |
_aNEW DELHI _bDOMINANT PUBLISHERS _c1999 |
||
| 300 | _a295P | ||
| 650 |
_aDICTIONARY OF INTERNET INTERNET-ADVANCED DICTIONARY _977957 |
||
| 942 |
_cBK _2ddc |
||
| 999 |
_c583125 _d583125 |
||